La explosión demográfica y el control natal en Costa Rica

محفوظ في:
التفاصيل البيبلوغرافية
المؤلف الرئيسي: Villalta M., José Francisco
التنسيق: نص
منشور في: Heredia: UNA
الوسوم: إضافة وسم
لا توجد وسوم, كن أول من يضع وسما على هذه التسجيلة!

MARC

LEADER 00000 a a2200000 04500
001 16817
003
040
090 |a 004600  
100 |a Villalta M., José Francisco  
245 |a La explosión demográfica y el control natal en Costa Rica  
260 |a Heredia:   |b UNA  
300 |a 30 p.  
999 |c 13430  |d 13430